|
|
|
|
| LEADER |
00000nam a2200000 a 4500 |
| 001 |
vtls010585879 |
| 003 |
SK-MaSNL |
| 005 |
20260302013226.0 |
| 008 |
240314s1984 xo r 000 0 slo |
| 015 |
|
|
|a SNBA1986
|
| 040 |
|
|
|a SNK
|b slo
|c SNK
|e AACR2
|
| 041 |
0 |
|
|a slo
|
| 044 |
|
|
|a xo
|c SK
|
| 080 |
|
|
|a 352.075:395:82(100)-14(082.2)
|2 1981
|
| 100 |
1 |
|
|a Ďurná, Scarlett,
|d 1953-
|4 aut
|9 102936
|
| 245 |
1 |
0 |
|a Výber básní k významným výročiam
|b metodický materiál pre prácu ZPOZ a APOZ, pre učiteľov a pedagógov v okrese Čadca
|c Scarlett Ďurná, Květuše Janošíková
|
| 260 |
|
|
|a Čadca
|b Okresná knižnica
|c 1984
|
| 300 |
|
|
|a 171, [1] s.
|c 4°
|
| 650 |
0 |
7 |
|a združenia zborov pre občianske záležitosti
|2 SNKPH
|9 656264
|
| 650 |
0 |
7 |
|a jubilejné podujatia
|2 SNKPH
|9 29957
|
| 650 |
0 |
7 |
|a poézia
|2 SNKPH
|9 1274
|
| 655 |
|
7 |
|a metodické materiály
|2 SNKPH
|9 288371
|
| 700 |
1 |
|
|a Janošíková, Květuše
|4 aut
|9 656265
|
| 852 |
|
|
|a SNK
|b KIS3GCP
|
| 958 |
|
|
|a OND
|
| 999 |
|
|
|c 1012149
|d 1014079
|
| 952 |
|
|
|a SNK
|b SNK
|y PREZ
|7 0
|p 17A0812090
|o snkSB 40893
|i snkSB 7316/86
|0 0
|1 0
|4 0
|d 2014-03-27
|f 1
|l 0
|r 2025-04-28 00:00:00
|w 2026-02-24
|